000 00557nam a2200217Ia 4500
008 101110s9999 xx 000 0 und d
041 _aENGLISH
082 _bJR6302
100 _aThe Times of India
245 _aThe best of speaking tree volume - 3
260 _c2006
_bBennett Coleman, New delhi
300 _a150
365 _b200
520 _aenglish
546 _aENGLISH
630 _aThe best of speaking tree volume - 3
650 _aenglish
655 _aenglish
730 _aThe best of speaking tree volume - 3
942 _cBOOK
999 _c797095
_d797092